00610nam a2200181Ia 450000500170000000800410001702000320005804000190009004100120010908200160012124501390013726000570027630000200033350400190035365000230037270000230039585000100041820221112110247.0140110s9999 xx 000 0 und d a9788173049217cRs 2950(set) aLoreto College aEnglish a954.03bCAR aPartition observed V IIb British official reports from South Asia, 16 October-31 December 1947 cSelected and edited by Lionel Carter aNew DelhibManohar Publishers and Distributorsc2011 av ii, 505-985p  aIncludes index aIndia-History 1947 aCarter, Lionel, ed aLCLIB